000 00841nam a22002657a 4500
003 CHAP
005 20220329135313.0
008 971013s1977 r 00010 d
010 _a34092
011 _a35064
035 _a39180
040 _cCHAP
082 _a331.11
_bO33
110 _aOficina Internacional del Trabajo
_982806
245 _aMeeting basic needs
_b: strategies for eradicating mass poverty and unemployment : conclusions of the world employment conference, 1976
260 _aGeneva :
_bLa organización,
_c1977
300 _a60 p.
590 _aBATCH-UPD
_b10
_c20130110
_lUCH01
_h1512
590 _aCONVERSION
_b10
_c20130109
_lUCH01
_h1319
650 1 4 _aDesempleo.
_932123
650 1 4 _aPobreza.
_989463
901 _aBK
942 _cLIBRO
949 _a331.11 O33
_bBC
_cLIBRO
_d33724000325908
_eLIBRO
_h73621
_i39180
_si
999 _c34092
_d34092